LEADER 01117nam a2200253 i 4500 001 000000183950 003 CaOOAMICUS 005 20091210000000.0 008 091210s1918 it u000 u mul u 013 $a161920 040 $aSeMil$bita 100 1 $aScaglia, Sisto,$c.$0(OLS)http://semarc/name/10123 245 13$aIl Cimitero Apostolico di Priscilla :$bcon 54 figure nel testo /$cP. Sisto Scaglia cisterciense. 260 $aVicenza :$bSocietą Anonima Tipografica,$c1918. 300 $a227 p. :$bill. ;$c24 cm. 490 0 $aPiccola biblioteca di apologia cristiana ;$v9 500 $aContiene : Appendice. 650 4$aPriscilla.$0(OLS)http://semarc/subject/34755 830 0$aPiccola biblioteca di apologia cristiana ;$v9.$0(OLS)http://semarc/title/401647 850 $aSeMil 852 $aSeMil$W1$xVenegono$y1$m3E IV 58$j134646$B134646$CSeMilBibl$Z2$F146298 $81 961 $aRecupero: Altro 996 $6245$aIl Cimitero Apostolico di Priscilla :$bcon 54 figure nel testo$9(OLS)http://semarc/title/263965 996 $6260$aVicenza :$bSocietą Anonima Tipografica$9(OLS)http://semarc/publisher/32976 LEADER 01445nam a2200277 i 4500 001 000000231245 003 CaOOAMICUS 005 20140718000000.0 008 140718s1982 it u000 u ita u 013 $a210148 040 $aSeMil$bita 100 1 $aSerra, Aristide M.,$c.$0(OLS)http://semarc/name/6934 245 10$aSapienza e contemplazione di Maria secondo Luca 2,19.51b /$cAristide Serra. 260 $aRoma :$bEdizioni Marianum,$cstampa 1982. 300 $aXIII, 382 p. ;$c24 cm. 490 0 $aScripta Pontificiae Facultatis Theologicae «Marianum» ;$v36 490 0 $aScripta Pontificiae Facultatis Theologicae «Marianum». Nova Series ;$v8 500 $aContiene : Bibliografia. 650 4$aBibbia. Nuovo Testamento. Vangelo secondo Luca, 1-2.$0(OLS)http://semarc/subject/20550 650 4$aBibbia. Nuovo Testamento. Vangelo secondo Luca - Madonna.$0(OLS)http://semarc/subject/41439 830 0$aScripta Pontificiae Facultatis Theologicae «Marianum» ;$v36.$0(OLS)http://semarc/title/12103 830 0$aScripta Pontificiae Facultatis Theologicae «Marianum». Nova Series ;$v8.$0(OLS)http://semarc/title/18273 850 $aSeMil 852 $aSeMil$W1$xVenegono$y1$m2Z II 279$j181591$B181591$CSeMilBibl$Z2$F192378 $81 996 $6245$aSapienza e contemplazione di Maria secondo Luca 2,19.51b$9(OLS)http://semarc/title/330262 996 $6260$aRoma :$bEdizioni Marianum$9(OLS)http://semarc/publisher/41736